Quiz Cultura Generale - Quiz n°82 - Statistics

Statistiche generali
  • Questo quiz è stato fatto 168 volte
  • Il punteggio medio è 9 su 15
Statistiche sulle risposte
Domanda Risposta % Corretto
In quale stato si trova la "Grande Sfinge di Giza"? Egitto
100%
In quale opera si trova la novella di "Chichibio e la gru"? Decameron
87%
Quali di questi stati si trova in Oceania? Palau
79%
Quali di queste case automobilistiche ha sede in Europa? Skoda
71%
Quale tra questi animali è un rettile? Lucertola
68%
Quale di queste danze è latino-americana? Samba
68%
In quale poesia di Giacomo Leopardi si può trovare il verso "Dimani, al dì di festa, il petto e il crine"? Il sabato del villaggio
63%
Quale tipologia di miscela chimica è il latte? Emulsione
58%
Quali delle seguenti opere è più antica? Orlando Furioso
55%
In che anno morì Maria Teresa di Calcutta? 1997
47%
Quali di queste catene montuose si trova in Europa? Carpazi
47%
Quante montagne dell'Appennino superano i 4 000 metri di altitudine? 0
45%
Quale di questi nervi è un nervo cranico? Ipoglosso
45%
Qual è il secondo lago per superficie in Italia? Lago Maggiore
39%
Chi ha segnato il maggior numero di rigori nella storia della Serie A? Francesco Totti
37%
Nessun quiz corrispondente trovato
Distribuzione punteggi
Percentuale di utenti per punteggio
Percentile per numero di risposta
I tuoi punteggi nel tempo
Non hai fatto questo quiz